000 01149nam a2200241Ii 4500
003 JO-AjNU
005 20240625122714.0
008 230605s9999||||xx |||||||||||||| ||und||
040 _aJO-AjNU
_bara
_erda
_cJO-AjNU
041 _aara
050 1 4 _aHG4026 2020
100 1 _aعباسي، ماهر داود
_eمعد
_965638
245 0 0 _aمعوقات تطبيق صيغ التمويل الإسلامية الزراعية -مؤسسة الإقراض الزراعي =Obstacles of the Implementation of Islamic Agricultural Finance Transactions -Jordan Agricultural Credit Corporation /
_cاعداد ماهر داود عباسي؛ اشراف فخري ابو صفية
264 3 1 _a2020
300 _a102 ورقة
336 _atext
_btxt
_2rdacontent
337 _aunmediated
_bn
_2rdamedia
338 _avolume
_bnc
_2rdacarrier
500 _aرسالة جامعية(اطروحة ماجستير) تخصص المصارف الإسلامية/كلية الأعمال، جامعة عجلون الوطنية،2020
650 4 _aالبنوك الاسلامية-تحويل
_959594
700 1 _aأبو صفية، فخري
_965588
_eمشرف
942 _2lcc
_cTHS
999 _c30393
_d30393